00735nam a22002297a 450000500170000001000150001702000260003203500130005803700130007108200100008410000280009424500420012226000420016427000490020630000240025550000400027970000100031970000100032994200240033999900170036395201250038020100819113936.0 aENG-101032 c100.00a9788190792349 aEN-84565 bDBAD/PUB a635.8 aKumar, J. Suresh916597 aEdible mushroom /cby J. Suresh Kumar aPadukkottaibMeerra Pathippagamc2008 a2470, South Main StreetbPadukkottaie622001 a128 p. b22cm (Pbk) aIncludes bibliographical references 915115 915135 2ddccENh635.8mKUM c42635d42635 001040718NFICaDBADbDBADd2010-08-19g100.00l0o635.8 KUMpEN-84565r2010-08-19 00:00:00t1v100.00w2010-08-19yEN